000
00265nam a2200109Ia 4500
008
220204s9999 xx 000 0 und d
082
_a
634(035)
_b
FOR
100
_a
Forbes, Reginald D
245
0
_a
Forestry handbook
260
_a
New York
_b
Ronald
_c
1955
942
_c
BK
999
_c
31666
_d
31666